000
00214nam a22000857a 4500
008
170527b xxu||||| |||| 00| 0 eng d
100
_9
3137
_a
J. F. Bjorn
245
_a
Papa`s Wife
260
_a
USA
_b
Flemming H. Revell
_c
1955
999
_c
6429
_d
6429